Smaller than Djibouti Quiz Stats

 Plays Quiz Updated Jul 2, 2018

Challenge
Share
Tweet
Embed
Score 0/50 Timer 06:00
6 Plays Today
Continent Country % Correct
EuropeVatican City
93.8%
EuropeAndorra
88.5%
EuropeLuxembourg
88.5%
EuropeSan Marino
87.7%
EuropeLiechtenstein
87.3%
EuropeMonaco
86.9%
OceaniaFiji
82.8%
EuropeMalta
79.5%
North AmericaSaint Kitts and Nevis
78.8%
AfricaSeychelles
77.2%
North AmericaDominica
76.2%
North AmericaBarbados
75%
AsiaSingapore
74.8%
North AmericaBahamas
74.8%
North AmericaSaint Vincent and the Grenadines
73.7%
North AmericaSaint Lucia
73.6%
OceaniaMarshall Islands
73.1%
North AmericaAntigua and Barbuda
72.3%
OceaniaNauru
72%
OceaniaTuvalu
71.9%
OceaniaSamoa
71.8%
EuropeCyprus
71.8%
North AmericaTrinidad and Tobago
71.8%
EuropeKosovo
71.4%
OceaniaPalau
71.3%
Continent Country % Correct
OceaniaVanuatu
71.2%
North AmericaJamaica
71.1%
AfricaComoros
71%
AfricaCabo Verde
70.9%
AsiaQatar
70.8%
OceaniaTonga
70.4%
AfricaSão Tomé and Príncipe
70.3%
AsiaBahrain
70.2%
North AmericaGrenada
69.2%
AsiaBrunei
68.5%
OceaniaMicronesia
68.4%
AfricaMauritius
68.4%
OceaniaKiribati
67.9%
AsiaMaldives
65.7%
AsiaKuwait
65.5%
AfricaeSwatini
65.4%
North AmericaBelize
64.9%
AsiaIsrael
64.5%
AsiaPalestine
64.4%
AsiaTimor-Leste
62.5%
EuropeMontenegro
61.6%
North AmericaEl Salvador
57.2%
AfricaThe Gambia
56.1%
AsiaLebanon
55.9%
EuropeSlovenia
43.7%

You're not logged in!

Compare scores with friends on all Sporcle quizzes.
OR
Log In

You Might Also Like...

Show Comments

Extras

Top Quizzes Today


Score Distribution

Your Account Isn't Verified!

In order to create a playlist on Sporcle, you need to verify the email address you used during registration. Go to your Sporcle Settings to finish the process.

Report this User

Report this user for behavior that violates our Community Guidelines.

Details: